000 00505nam a2200217Ia 4500
003 OSt
005 20221005120250.0
006 a|||||r|||| 00| 0
007 ta
008 221004b |||||||| |||| 00| 0 eng d
024 _a120472
037 _cTextual
040 _aCRL
_cCRL
_beng
041 _2eng
_aeng
100 _aAmelincky
_9628899
245 0 _aDirect observation of dislacation
260 _c1964
650 _aSCIENCE
942 _cTEXL
_2cc
999 _c1037465
_d1037465